| 000 | 00393 a2200157 4500 | ||
|---|---|---|---|
| 003 | Nust | ||
| 005 | 20170207153550.0 | ||
| 040 | _cNust | ||
| 082 | _a005.1 | ||
| 100 | _aIqbal, Tahir MSCS | ||
| 245 |
_aDynamic load balancing in homogeneous distributed computer systems _cTahir Iqbal MSCS |
||
| 260 |
_bMCS _cJanuary 1996 |
||
| 300 | _av, 100 p | ||
| 538 | _aT2 and Shelf No 1 | ||
| 650 | _aMSCS Thesis | ||
| 942 | _cTHS | ||
| 999 |
_c188821 _d188821 |
||